Star wars : (Record no. 7547)

MARC details
000 -LEADER
fixed length control field 01075nam a22002897a 4500
001 - CONTROL NUMBER
control field 7547
003 - CONTROL NUMBER IDENTIFIER
control field FISKH
005 - DATE AND TIME OF LATEST TRANSACTION
control field 20250723154926.0
008 - FIXED-LENGTH DATA ELEMENTS--GENERAL INFORMATION
fixed length control field 250723b cb ||||| |||| 00| 0 eng d
020 ## - INTERNATIONAL STANDARD BOOK NUMBER
International Standard Book Number 9780545470636
040 ## - CATALOGING SOURCE
Original cataloging agency FISKH
Language of cataloging eng
Transcribing agency FISKH
Modifying agency FISKH
050 ## - LIBRARY OF CONGRESS CALL NUMBER
Classification number PZ7.F9224 D
082 ## - DEWEY DECIMAL CLASSIFICATION NUMBER
Classification number 813.6
100 ## - MAIN ENTRY--PERSONAL NAME
Personal name Fry, Jason
Dates associated with a name (1969-)
245 ## - TITLE STATEMENT
Title Star wars :
Remainder of title The clone wars /
Statement of responsibility, etc. Darth Maul Shadow Consipiracy ; By Jason Fry
250 ## - EDITION STATEMENT
Edition statement This edition first published 2012
260 ## - PUBLICATION, DISTRIBUTION, ETC.
Place of publication, distribution, etc. New York :
Name of publisher, distributor, etc. Scholastic,
Date of publication, distribution, etc. 2012
300 ## - PHYSICAL DESCRIPTION
Extent 184 pages :
Other physical details illustrations ;
Dimensions 20 cm
505 ## - FORMATTED CONTENTS NOTE
Formatted contents note Z<br/>
520 ## - SUMMARY, ETC.
Summary, etc. Darth Maul--the infamous villain of Star Wars: Episode I The Phantom Menace--is back, and he wants vengeance against his most hated enemy: Obi-Wan Kenobi. When Darth Maul reunites with Savage Opress, the two Sith brothers threaten to unleash terror across the galaxy!<br/>
521 8# - TARGET AUDIENCE NOTE
Target audience note 960<br/>
Source Lexile<br/>
521 8# - TARGET AUDIENCE NOTE
Target audience note Z<br/>
Source Raz-Plus<br/>
650 ## - SUBJECT ADDED ENTRY--TOPICAL TERM
Source of heading or term Chapter book
Topical term or geographic name entry element Bajio Library
650 ## - SUBJECT ADDED ENTRY--TOPICAL TERM
Source of heading or term Star Wars
Topical term or geographic name entry element Science fiction
942 ## - ADDED ENTRY ELEMENTS (KOHA)
Source of classification or shelving scheme Dewey Decimal Classification
Koha item type Books
Suppress in OPAC No
Holdings
Withdrawn status Lost status Source of classification or shelving scheme Damaged status Not for loan Collection Home library Current library Shelving location Date acquired Total Checkouts Full call number Barcode Date last seen Copy number Price effective from Koha item type
    Dewey Decimal Classification     Fiction Footprints International School Library Network Toul Tom Poung Campus Footprints International School Library Network Toul Tom Poung Campus TTP Secondary Fiction Bookshelves 07/23/2025   FRY 813.6 PZ7.F9224 D FISSE01682 07/23/2025 1 07/23/2025 Books